علم النفس الإكلينيكي / (Record no. 6662)
[ view plain ]
| 000 -الفاتح | |
|---|---|
| حقل البيانات ثابتة الطول | 01092nac a22002291u 4500 |
| 008 - عناصر البيانات ثابتة الطول - معلومات عامة | |
| حقل البيانات ثابتة الطول | 101221s1989 xxu||||| |||| 00| 0 ara d |
| 020 ## - الرقم الدولى المعيارى للكتب | |
| الرقم الدولى المعيارى للكتاب | 9771483064 |
| 082 ## - رقم تصنيف ديوى العشرى | |
| رقم التصنيف | 157.9 |
| رقم المادة | ر و ت |
| 100 1# - المدخل الرئيسى - إسم شخصى | |
| الإسم الشخصى | روتر ، جوليان |
| 9 (RLIN) | 21622 |
| 245 ## - بيان العنوان | |
| العنوان | علم النفس الإكلينيكي / |
| بيان المسئوليه,etc | تأليف جوليان روتر ؛ ترجمة عطية محمود هنا ؛ مراجعة محمد عثمان نجاتي |
| 250 ## - بيان الطبعة | |
| بيان الطبعة | ط 3. |
| 260 ## - PUBLICATION, DISTRIBUTION, ETC. (IMPRINT) | |
| مكان الناشر او الموزع | القاهرة : |
| اسم الناشر او الموزع | دار الشروق ،1989 |
| تاريخ النشر أو التوزيع | 1989. |
| 300 ## - الوصف المادى | |
| التعداد | 302 ص : |
| تفاصيل ماديه اخرى للوعاء | ايض ؛ |
| أبعاد الوعاء | 24 سم. |
| 490 #0 - بيان السلسلة | |
| -- | 16554 |
| عنوان السلسلة | مكتبة أصول علم النفس الحديث |
| 500 ## - تبصرة عامة | |
| تبصرة عامة | هذا الكتاب ترجمة لكتاب Clinical Psychology/ Julian B. Rotter. 2nd ed. ENglewood Cliffs, Nj: Prentice-Hall, 1971 |
| 504 ## - تبصرة ببليوجرافية | |
| تبصرة ببليوجرافية,الخ | يشتمل على ببليوجرافية ص 187-192 وكشاف |
| 650 ## - المدخل الاضافى بالموضوع-مصطلح موضوعى | |
| مصطلح موضوعي أو اسم جغرافي كعنصر مدخل | اختبارات الذكاء |
| 9 (RLIN) | 16860 |
| 650 ## - المدخل الاضافى بالموضوع-مصطلح موضوعى | |
| مصطلح موضوعي أو اسم جغرافي كعنصر مدخل | العلاج النفسى |
| 9 (RLIN) | 8392 |
| 650 ## - المدخل الاضافى بالموضوع-مصطلح موضوعى | |
| مصطلح موضوعي أو اسم جغرافي كعنصر مدخل | علم النفس العلاجى |
| 9 (RLIN) | 21623 |
| 700 1# - المدخل الاضافى - اسم شخصى | |
| الإسم الشخصى | هنا ، عطية محمود |
| 9 (RLIN) | 21624 |
| الدور | ترجمة |
| 942 ## - عناصر المدخل الإضافي( كوها) | |
| Koha [default] item type | Book - Borrowing |
| سابقة رقم الطلب | 157.9 ر و ت |
| مصدر التصنيف او مخطط الترفيف | Dewey Decimal Classification |
| حالة التراجع | حالة الفقد | مصدر التصنيف او خطة الترفيف | حالة تلف | ليس للاعارة | مجموعات كوها | المكان الدائم | المكان الحالي | موقع الترفيف | تاريخ الاكتساب | Source of acquisition | رقم الاستدعاء | الباركود | Date last seen | مُعار | نوع الوعاء |
|---|---|---|---|---|---|---|---|---|---|---|---|---|---|---|---|
| Dewey Decimal Classification | Alef-Baa | Central Library | Central Library | Lower Floor | 28/11/2007 | 157.9 ر و ت | 000008131 | 15/07/2025 | 07/11/2019 | Book - Borrowing | |||||
| Dewey Decimal Classification | Alef-Baa | Central Library | Central Library | Lower Floor | 28/11/2007 | 157.9 ر و ت | 000008132 | 15/07/2025 | 14/11/2018 | Book - Borrowing |